Movies Quiz

Random Movies or Young Adult Quiz

Harry Potter Matures Quiz Stats

 Plays Quiz Updated Oct 9, 2018

Score 0/8 Timer 02:00
8 Plays Today
% Correct
Harry Potter and the
Deathly Hallows Part 2
93.6%
Harry Potter and the
Sorcerer's Stone
92.6%
Harry Potter and the
Deathly Hallows Part 1
86.9%
Harry Potter and the
Goblet of Fire
78%
Harry Potter and the
Chamber of Secrets
73.4%
Harry Potter and the
Order of the Phoenix
70.4%
Harry Potter and the
Prisoner of Azkaban
59.7%
Harry Potter and the
Half-Blood Prince
54%

You're not logged in!

Compare scores with friends on all Sporcle quizzes.
OR
Log In

You Might Also Like...

Show Comments

Extras

Top Quizzes Today


Score Distribution

Your Account Isn't Verified!

In order to create a playlist on Sporcle, you need to verify the email address you used during registration. Go to your Sporcle Settings to finish the process.

Report this User

Report this user for behavior that violates our Community Guidelines.

Details: